[Event "Heraklion op 21st"]
[Site "Heraklion"]
[Date "2017.09.04"]
[Round "3"]
[White "Wlogalski, Olivier"]
[Black "Solakidis, Panayotis"]
[Result "1-0"]
[WhiteElo "1928"]
[BlackElo "1475"]
[PlyCount "65"]
[EventDate "2017.09.03"]
[EventType "swiss"]
[EventRounds "9"]
[EventCountry "GRE"]
[SourceTitle "CBM 180 Extra"]
[Source "ChessBase"]
[SourceDate "2017.10.06"]
[SourceVersion "1"]
[SourceVersionDate "2017.10.06"]
[SourceQuality "1"]

1. c4 e6 2. Nf3 b6 3. Nc3 Bb7 4. e4 Bb4 5. Qb3 Be7 6. d4 d6 7. Bd3 Nd7 8. Be3 c5 9. d5 exd5 10. exd5 Ngf6 11. h3 0-0 12. 0-0 a6 13. Bf4 b5 14. cxb5 axb5 15. Bxb5 Rb8 16. a4 Qa5 17. Rfe1 Qd8 18. Rad1 Ba6 19. Qc4 Bxb5 20. axb5 Nb6 21. Qd3 Qd7 22. Nd2 Rfe8 23. Nc4 Nxc4 24. Qxc4 Bf8 25. b4 Rec8 26. bxc5 Rxc5 27. Qxc5 dxc5 28. Bxb8 Bd6 29. Bxd6 Qxd6 30. Ne4 Nxe4 31. Rxe4 Qd7 32. b6 g6 33. d6 1-0